000 00790nam a2200253 a 4500
001 000023556
005 20200930022315.0
008 101213s1963 sp r 000 0 spa d
040 _aDO-SdBNP
_bspa
_cBNPHU
041 1 7 _aspa
_heng
_2Código de idioma MARC
082 _a291.23
_bT454r
100 1 _aThomas, Joseph
_948557
240 1 0 _aResurrection
_lEspañol.
245 1 0 _aResurrección /
_cJoseph Thomas ; traductor, Rosa Armet.
260 _aBarcelona, España :
_bEstela,
_c1963.
300 _a120, [1] p. ;
_c20 cm.
490 1 _aEspiritualidad
_v8
500 _aIncluye notas al pie de las páginas
534 _aTítulo original:
_tResurrection
650 4 _aResurrección
_9884
700 1 _aArmet, Rosa
_etr.
_948558
830 0 _aEspiritualidad ;
_v8
_948559
049 _aBNGR
999 _c23052
_d23052